000 01255nam a22002775a 4500
003 OSt
005 20161127123400.0
008 161126s2014 ua a frb 000 0 ara d
015 _a2013/22738
020 _a9789770474402
040 _aEG-ScBUE
_bara
_cEG-ScBUE
043 _af-ua---
082 0 4 _a346.620486
_bج ن د
_222
100 1 _aجندي، محمود محي الدين محمد.
245 1 0 _aبراءة الاختراع وصناعة الدواء في ظل القانون المصري واتفاقية التربس /
_cمحمود محي الدين محمد الجندي.
260 _aالقاهرة :
_bدار النهضة العربية،
_c2014.
300 _a700 ص. :
_bإيض. ؛
_c24 سم.
500 _aيشتمل على ملاحق.
504 _aيشتمل على إرجاعات ببليوجرافية.
630 7 _a اتفاقية الجوانب المتصلة بالتجارة من حقوق الملكية الفكرية
_d(15 إبريل 1994)
_2BUEsh
650 7 _aبراءات الاختراع
_xقوانين وتشريعات
_zمصر.
_2BUEsh
_941045
650 7 _aالأدوية، صناعة وتجارة
_xقوانين وتشريعات
_zمصر.
_2BUEsh
651 _2BUEsh
653 _bLLAAWW
_cNovember2016
942 _2ddc
999 _c23329
_d23301